00000000nam 2200000zi 4500
0019.931957
003CaOODSP
00520241119155214
006m     o  d f      
007cr |n|||||||||
008231229s1975    qucb    o    f|0| 0 fre d
040 |aCaOODSP|bfre|erda|cCaOODSP
043 |an-cn-qu
0861 |aCW66-1471/1975F-PDF
1001 |aCejka, Patrick Jan, |eauteur.
24510|aÉtude de différentes méthodes de nettoyage d'un marais à scirpe pollué par du mazout / |cpar Patrick Čejka.
264 1|a[Sainte-Foy, Québec] : |bEnvironnement Canada, Service de protection de l'environnement, (Région du Québec), |c1975.
300 |a1 ressource en ligne (1 volume (pagination multiple)) : |bcartes
336 |atexte|btxt|2rdacontent/fre
337 |ainformatique|bc|2rdamedia/fre
338 |aressource en ligne|bcr|2rdacarrier/fre
500 |aÉdition numérisée de l’imprimé [par Environnement et changement climatique Canada].
650 6|aDéversements de pétrole|xNettoyage|zQuébec (Province)
650 6|aMarais|zQuébec (Province)
650 0|aOil spills|xCleanup|zQuébec (Province)
650 0|aMarshes|zQuébec (Province)
7101 |aCanada. |bEnvironnement Canada, |eorganisme de publication.
7101 |aCanada. |bService de la protection de l'environnement. |bRégion du Québec, |eorganisme de publication.
85640|qPDF|s1.14 Mo|uhttps://publications.gc.ca/collections/collection_2024/eccc/cw66/CW66-1471-1975-fra.pdf